Score 0/20 Timer 03:00
0 Plays Today
% Correct
Sicilië
89.5%
Toscane
86.3%
Sardinië
73.4%
Umbrië
70.2%
Veneto
61.3%
Latium
59.7%
Lombardije
59.7%
Apulië
58.1%
Calabrië
58.1%
Ligurië
55.6%
% Correct
De Marken
55.6%
Piëmont
50%
Campanië
46.8%
Emilia-Romagna
44.4%
Abruzzen
40.3%
Basilicata
38.7%
Molise
34.7%
Valle d'Aosta
27.4%
Trentino-Zuid-Tirol
26.6%
Friuli-Venezia Giulia
22.6%
Remove Ads.
Support Sporcle.
Get the best of Sporcle when you Go Orange. This ad-free experience offers more features, more stats, and more fun while also helping to support Sporcle. Thank you for becoming a member.

You're not logged in!

Compare scores with friends on all Sporcle quizzes.
OR
Log In

Show Comments

Extras

Created Jul 28, 2016ReportNominate
Tags:kan, Van

Top Quizzes Today


Score Distribution

Your Account Isn't Verified!

In order to create a playlist on Sporcle, you need to verify the email address you used during registration. Go to your Sporcle Settings to finish the process.

Report this User

Report this user for behavior that violates our Community Guidelines.

Details: